Pokémon de type Spectre - Mort Subite - Statistiques

Statistiques générales
  • Ce quiz a été pris 663 fois
  • Le résultat moyen est 13 sur 20
Answers on the Grid
Answers color-coded by a green-red scale on the quiz's grid according to % correct below.
Fantominus
Magirêve
Mordudor
Dimoclès
Giratina
Fantyrm
Tutafeh
Mimiqui
Flotte-Mèche
Funécire
Flâmigator
Malvalame
Desséliande
Pêchaminus
Gringolem
Spiritomb
Trépassable
Lunala
Virevorreur
Toutombe
Rugit-Lune
Hurle-Queue
Chef-de-Fer
Gardevoir
Fourbelin
Tengalice
Sonistrelle
Liliterelle
Bargantua
Ymphect
Colhomard
Cancrelove
Archéomire
Trousselin
Empiflor
Ohmassacre
Oniglali
Tranchodon
Florizarre
Coconfort
 
Statistiques - réponses
Réponse % Correct
Fantominus
78%
Magirêve
77%
Spiritomb
75%
Funécire
72%
Mimiqui
72%
Tutafeh
71%
Giratina
69%
Toutombe
69%
Desséliande
68%
Trépassable
67%
Flâmigator
63%
Lunala
63%
Fantyrm
62%
Malvalame
59%
Virevorreur
58%
Flotte-Mèche
57%
Gringolem
57%
Mordudor
57%
Dimoclès
49%
Pêchaminus
42%
Aucun quiz correspondant
Distribution des résultats
% des personnes avec chaque résultat
Percentile par nombre de réponses
Votre historique - résultats
Vous n’avez pas pris ce quiz